[Event "ROM-ch U10 Girls"]
[Site "Calimanesti"]
[Date "2015.04.05"]
[Round "8"]
[White "Iaru, Briana Maria"]
[Black "Mocanu, Ruxandra Ioana"]
[Result "0-1"]
[WhiteElo "1024"]
[BlackElo "1045"]
[PlyCount "154"]
[EventDate "2015.03.30"]
[EventType "swiss"]
[EventRounds "9"]
[EventCountry "ROU"]
[SourceTitle "CBM 165 Extra"]
[Source "ChessBase"]
[SourceDate "2015.04.21"]
[SourceVersion "1"]
[SourceVersionDate "2015.04.21"]
[SourceQuality "1"]

1. e4 e5 2. Nf3 Nc6 3. Bc4 Nf6 4. Ng5 d5 5. exd5 Nxd5 6. Nxf7 Kxf7 7. Qf3+ Ke6 8. Nc3 Ncb4 9. 0-0 c6 10. d3 Qf6 11. Qe2 Ke7 12. d4 Qg6 13. Qxe5+ Kd8 14. Bg5+ Be7 15. Ne4 h6 16. c3 Bxg5 17. f4 Bf6 18. f5 Bxe5 19. fxg6 Bxd4+ 20. cxd4 Ne3 21. Rf7 Nxc4 22. Rxg7 Bf5 23. Nf6 Rf8 24. Nh7 Rh8 25. Nf6 Rf8 26. Rf7 Rxf7 27. gxf7 Ke7 28. Rf1 Kxf6 29. g4 Kxf7 30. Rxf5+ Kg6 31. h4 Ne3 32. h5+ Kh7 33. Rf4 Nbd5 34. Re4 Rg8 35. Kf2 Nxg4+ 36. Ke2 Nb4 37. a4 a6 38. b3 Nf6 39. Re6 Nxh5 40. Kf3 Rg6 41. Re7+ Rg7 42. Re6 Nc2 43. Ke4 Ng3+ 44. Ke5 h5 45. Kd6 h4 46. Re5 h3 47. d5 cxd5 48. Rxd5 h2 49. Rd1 Rg6+ 50. Kc7 b5 51. axb5 axb5 52. Kd7 h1Q 53. Rxh1+ Nxh1 54. Kc7 Kg7 55. Kd7 Kf7 56. Kc7 Ke8 57. Kb7 Re6 58. Kc7 Nd4 59. Kb7 Rd6 60. Kc7 Ke7 61. Kb7 Kd7 62. Ka7 Nxb3 63. Kb7 b4 64. Ka7 Nd2 65. Kb7 Rd5 66. Kb6 b3 67. Ka6 b2 68. Kb6 b1Q+ 69. Ka6 Qb5+ 70. Ka7 Kd8 71. Ka8 Rd6 72. Ka7 Ke8 73. Ka8 Qc6+ 74. Kb8 Kf8 75. Ka7 Qe8 76. Kb7 Qe7+ 77. Kc8 Rd8# 0-1

[Event "ROM-ch U10 Girls"]
[Site "Calimanesti"]
[Date "2015.04.04"]
[Round "7"]
[White "Barila, Stefana"]
[Black "Iaru, Briana Maria"]
[Result "1-0"]
[WhiteElo "1056"]
[BlackElo "1024"]
[PlyCount "77"]
[EventDate "2015.03.30"]
[EventType "swiss"]
[EventRounds "9"]
[EventCountry "ROU"]
[SourceTitle "CBM 165 Extra"]
[Source "ChessBase"]
[SourceDate "2015.04.21"]
[SourceVersion "1"]
[SourceVersionDate "2015.04.21"]
[SourceQuality "1"]

1. e4 e5 2. Nf3 Nc6 3. Bb5 Bc5 4. 0-0 Nf6 5. Re1 0-0 6. Nc3 d6 7. h3 Be6 8. d3 h6 9. Be3 Bb6 10. a3 Qd7 11. d4 exd4 12. Nxd4 Nxd4 13. Bxd4 c6 14. Ba4 Qc8 15. Bxf6 gxf6 16. Qf3 Qd8 17. Qg3+ Kh8 18. Ne2 Rg8 19. Qh4 Kh7 20. Nf4 Bd7 21. Nh5 Rg6 22. c3 Rg5 23. Bc2 a6 24. e5+ Bf5 25. Bxf5+ Rxf5 26. Nxf6+ Rxf6 27. exf6 d5 28. Re5 Bc7 29. Rf5 b5 30. Re1 a5 31. Qh5 Qf8 32. Re7 Kg8 33. Rxc7 Re8 34. Re7 Rd8 35. Rf3 a4 36. Rg3+ Kh8 37. Rxf7 b4 38. Rxf8+ Rxf8 39. Qxh6# 1-0